| 000 | 00778nam a2200277 a 4500 | ||
|---|---|---|---|
| 003 | AR-BaBNM | ||
| 005 | 20251128205416.0 | ||
| 008 | 082120s2002 ||||||||||||||000 | spa|| | ||
| 020 | _a84-276-0491-2 | ||
| 040 | _cAR-BaBNM | ||
| 100 | 1 | _aYanko, Aroní | |
| 245 | 0 | 0 | _aPasión y abstracción en "Veinte poemas de amor y una canción desesperada" de Pablo Neruda |
| 260 |
_aMadrid _bEditora Nacional _c1979 |
||
| 300 | _a216 p. | ||
| 490 | 0 |
_aAlfar. De poesía _vv. 38 |
|
| 650 | 4 | _aLITERATURA LATINOAMERICANA | |
| 650 | 4 | _aESCRITORES | |
| 650 | 4 | _aCRITICA LITERARIA | |
| 650 | 4 | _aANALISIS LITERARIO | |
| 650 | 4 | _aPOESIA | |
| 650 | 4 | _aLITERATURA CONTEMPORANEA | |
| 655 | _aLITERATURA | ||
| 700 | 1 |
_aConde, Carmen _eprologuista |
|
| 942 | _cBK | ||
| 998 | _cMARTIN | ||
| 999 |
_c11323 _d11323 |
||